000 01065nam0a22002651 4500
001 rc\4105420
005 20260407235734.0
021 _aRU
_b[55-50558]
035 _a(NLR Aleph) 008141808
090 _a9489153
_c9489153
100 _a20130415d1955 |||y0rusy50 ca
101 0 _arus
102 _aRU
105 _ay j |||||
200 1 _aМатериалы к лекциям по курсу астрономии средней школы в Московском планетарии в 1955/1956 учебном году
_fУпр. культуры Мосгорисполкома. Моск. планетарий
210 _aМосква
_cБ. и.
_d1955
215 _a28 с.
_d20
606 _aПланетарии
_xЛекционная работа
_xТематика
_2psbo
606 _aАстрономия
_xТематика лекций
_2psbo
710 0 2 _aМосковский планетарий
_3RU\NLR\AUTH\8810163229
_9822404
801 0 _aRU
_bNLR
_gpsbo
801 1 _aRU
_bELAR
_2rusmarc
852 _aNLR
_jПр20 Г-4/4127
942 _cBOOK
980 _aNB